000 00534nam a2200181Ia 4500
001 25067
005 20260414151125.0
008 260414t2006||||xx |||||||||||||| ||spa||
041 _aESP
082 _a346.13
_bR35 V. 2
110 _aPerú. Registro Nacional de Identificación y Estado Civil
245 0 _aCompendio concordado de normas vinculadas a la identificación y estado civil de las personas naturales
_b
260 _c2006
300 _apágs. :
_ccm.
650 _aDER
654 _aCDE
942 _cLIB
_dJUS
_fJUS
_2ddc
_n
999 _c25067
_d25067